| 000 | 00596nam a2200193 u 4500 | ||
|---|---|---|---|
| 005 | 20241105063722.0 | ||
| 008 | 150519s2012 r 000 0 eng d | ||
| 020 | _a9789875383425 | ||
| 035 | _aUPN01000203555 | ||
| 049 | _aCG | ||
| 050 | 4 |
_aLB1028.25 A4.4 _bI5.8 |
|
| 245 | 0 | 0 |
_aInvestigación educativa y política en América Latina / _ccomp. Mariano Palamidessi. |
| 260 |
_aBuenos Aires : _bNoveduc, _c2012. |
||
| 300 |
_a236 p. : _btablas |
||
| 650 | 0 |
_aEducación _xInvestigación _zAmérica Latina _916986 |
|
| 700 | 1 |
_aPalamidessi, Mariano, _ecomp. |
|
| 905 | _aLibro | ||
| 999 |
_c175656 _d175656 |
||